[Event "Quebec-ch classe U2000"]
[Site "Repentigny"]
[Date "2003.11.22"]
[Round "2"]
[White "Rivest, Jean Michel"]
[Black "Levesque, Claude"]
[Result "1-0"]
[WhiteElo "1929"]
[BlackElo "1804"]
[PlyCount "79"]
[EventDate "2003.11.21"]
[EventType "swiss"]
[EventRounds "5"]
[EventCountry "CAN"]
[SourceTitle "EXT 2022"]
[Source "ChessBase"]
[SourceDate "2021.10.06"]
[SourceVersion "1"]
[SourceVersionDate "2021.10.06"]
[SourceQuality "1"]

1. e4 g6 2. d4 Bg7 3. Nc3 d6 4. Be3 Nf6 5. Qd2 c6 6. Nf3 Nbd7 7. Bh6 Bxh6 8. Qxh6 e6 9. e5 dxe5 10. dxe5 Ng4 11. Qf4 h5 12. h3 Nh6 13. 0-0-0 Qe7 14. Ne4 Nf5 15. Be2 h4 16. g4 Nh6 17. Nd6+ Kf8 18. Qd2 Nb6 19. Nd4 Bd7 20. Nb3 Kg7 21. f4 Rad8 22. Nxb7 Rb8 23. Nd6 Rhd8 24. Bd3 Nd5 25. Rde1 Nb4 26. Kb1 Nxd3 27. cxd3 Kh7 28. Qf2 f6 29. Qxh4 g5 30. fxg5 fxg5 31. Qg3 Be8 32. Nc5 Bg6 33. Nce4 Qg7 34. Nxg5+ Kg8 35. Nxe6 Qh7 36. Nxd8 Rxd8 37. Ne4 Qb7 38. Ka1 Rb8 39. Rh2 Kg7 40. Qf4 1-0

[Event "Montreal Lawson Memorial"]
[Site "Montreal"]
[Date "2002.12.21"]
[Round "3"]
[White "Rodriguez, Aaron"]
[Black "Levesque, Claude"]
[Result "1/2-1/2"]
[WhiteElo "1793"]
[BlackElo "1766"]
[PlyCount "69"]
[EventDate "2002.12.20"]
[EventType "swiss"]
[EventRounds "4"]
[EventCountry "CAN"]
[SourceTitle "EXT 2006"]
[Source "ChessBase"]
[SourceDate "2005.11.24"]
[SourceVersion "1"]
[SourceVersionDate "2005.11.24"]
[SourceQuality "1"]

1. e4 g6 2. d4 Bg7 3. Nc3 d6 4. Be3 c6 5. f3 Nd7 6. Nge2 h5 7. Qd2 a5 8. 0-0-0 Qc7 9. d5 a4 10. Nd4 Ngf6 11. Be2 Ne5 12. h3 Ned7 13. g4 Nc5 14. Rdg1 e5 15. dxe6 Nxe6 16. gxh5 Nxh5 17. f4 Nexf4 18. Bxh5 Nxh5 19. Nf3 b5 20. Bd4 Bh6 21. Be3 Bg7 22. Bd4 Bh6 23. Be3 Bxe3 24. Qxe3 b4 25. Ne2 Be6 26. e5 dxe5 27. Nxe5 0-0-0 28. Nxg6 Rhg8 29. Nef4 Nxf4 30. Nxf4 Rxg1+ 31. Rxg1 Bxa2 32. h4 Qd6 33. Nd3 b3 34. Qa7 bxc2 35. Qa6+ 1/2-1/2